| 000 | 00414 a2200145 4500 | ||
|---|---|---|---|
| 005 | 20250414115454.0 | ||
| 020 | _a978-0-07-340397-7 | ||
| 082 | _a657 WIL | ||
| 100 | _aWILD, J. | ||
| 245 | _aFinancial Accounting Fundamentals | ||
| 260 |
_aNew York, _bMcGraw-Hill, _c2007. |
||
| 300 |
_axxvi, 577p.: ill.; picture, table. _bIndex. _c28cm. |
||
| 856 |
_yAccess online book _fAccounting _dwww.mhhe.com |
||
| 942 |
_2ddc _cBKS |
||
| 999 |
_c1381 _d1381 |
||